000
00242nam a2200097Ia 4500
005
20250424112846.0
008
250424s9999 xx 000 0 und d
300
_a
82 p. :ill. ; 30 cm.
650
_a
Computer security--Periodicals.
942
_c
SR
999
_c
37538
_d
37538